000
00213 a2200097 4500
001
45200
100
_a
Barton M.V
245
_a
Aircraft electrical systems
260
_a
London
_b
Pitman
_c
090
_c
28387
_d
28387
942
_a
NUST-CAE
_c
M
_c
20432
999
_c
280273
_d
280273